[Event "23rd Reykjavik op"]
[Site "Reykjavik ISL"]
[Date "2008.03.05"]
[Round "3.43"]
[White "Magnusson, Bjarni"]
[Black "Sigurjonsson, Stefan Thor"]
[WhiteElo "1913"]
[BlackElo "2136"]
[Result "0-1"]
[EventDate "2008.03.03"]
[PlyCount "76"]

1.d4 d5 2.Nf3 Nf6 3.c4 e6 4.Bg5 h6 5.Bh4 c6 6.e3 Bd6 7.Bd3 Nbd7 8.O-O O-O 
9.Nc3 Re8 10.Rc1 dxc4 11.Bxc4 Qa5 12.a3 Qh5 13.h3 g5 14.g4 Nxg4 15.hxg4 
Qxg4+ 16.Bg3 Bxg3 17.fxg3 Qxg3+ 18.Kh1 Kg7 19.Rc2 b5 20.Bd3 f5 21.Rg1 Qd6 
22.Nxg5 hxg5 23.Rxg5+ Kf6 24.Qh5 Rf8 25.Rcg2 Ke7 26.Qh4 Nf6 27.Rg6 e5 28.
Be2 Be6 29.d5 cxd5 30.Nxb5 Qc5 31.Rg7+ Bf7 32.Rh7 Ke6 33.Rh6 Be8 34.Nc3 
Bc6 35.Bf3 Qxe3 36.Bxd5+ Bxd5 37.Nxd5 Kxd5 38.Rxf6 Rh8 0-1

[Event "23rd Reykjavik op"]
[Site "Reykjavik ISL"]
[Date "2008.03.05"]
[Round "3.45"]
[White "Kristinardottir, Elsa Maria"]
[Black "Finnlaugsson, Gunnar"]
[WhiteElo "1721"]
[BlackElo "2128"]
[Result "0-1"]
[EventDate "2008.03.03"]
[PlyCount "46"]

1.e4 c5 2.Nf3 e6 3.d4 cxd4 4.Nxd4 Nf6 5.f3 d5 6.Bb5+ Bd7 7.Bxd7+ Nbxd7 8.
exd5 Nxd5 9.O-O Rc8 10.Kh1 Bd6 11.Nf5 Bf8 12.Re1 N7b6 13.b3 Qf6 14.Nd4 Bd6
15.Re4 O-O 16.c4 Nc7 17.Rg4 a6 18.Nc3 Be5 19.Ne4 Qe7 20.f4 Bxd4 21.Qxd4 f5
22.Rg3 fxe4 23.f5 Rfd8 0-1

[Event "23rd Reykjavik op"]
[Site "Reykjavik ISL"]
[Date "2008.03.06"]
[Round "4.32"]
[White "Finnlaugsson, Gunnar"]
[Black "Kjartansson, David"]
[WhiteElo "2128"]
[BlackElo "2288"]
[Result "0-1"]
[EventDate "2008.03.03"]
[PlyCount "116"]

1.e4 c5 2.Nf3 d6 3.d4 cxd4 4.Qxd4 a6 5.c4 Nc6 6.Qd2 Nf6 7.Nc3 g6 8.b3 Bg7 
9.Bb2 O-O 10.h3 Rb8 11.Bd3 Nd7 12.Rd1 Nde5 13.Nxe5 Nxe5 14.Bb1 b5 15.c5 b4
16.Nd5 Be6 17.cxd6 Bxd5 18.exd5 Qxd6 19.O-O Rbc8 20.Rfe1 Nd7 21.Bxg7 Kxg7 
22.Re4 a5 23.Rh4 Rh8 24.Qh6+ Kg8 25.Rhd4 Rc5 26.Be4 f5 27.Bf3 Ne5 28.Qf4 
Nf7 29.Qe3 Kg7 30.Re1 Re8 31.Rd2 Kf8 32.g3 Rec8 33.Qd4 Rc1 34.Re2 e5 35.
Qd2 Rxe1+ 36.Rxe1 Rc3 37.Be2 e4 38.Kg2 Qc5 39.Bc4 Nd6 40.Re2 Kg7 41.Qf4 
Nf7 42.Qd2 Qd6 43.a3 Qe5 44.axb4 axb4 45.Qa2 f4 46.gxf4 Qxf4 47.Re3 Rxe3 
48.fxe3 Qf3+ 49.Kh2 Qxe3 50.Qa5 Qd2+ 51.Kh1 Qe1+ 52.Kg2 e3 53.Qc5 Qf2+ 54.
Kh1 Qf3+ 55.Kh2 Qf4+ 56.Kg2 Nd6 57.Qb5 Qf2+ 58.Kh1 Nf5 0-1

[Event "23rd Reykjavik op"]
[Site "Reykjavik ISL"]
[Date "2008.03.07"]
[Round "5.10"]
[White "Gunnarsson, Jon Viktor"]
[Black "Meier, Georg"]
[WhiteElo "2429"]
[BlackElo "2570"]
[Result "0-1"]
[EventDate "2008.03.03"]
[PlyCount "48"]

1.e4 e6 2.d4 d5 3.Nc3 Bb4 4.Ne2 dxe4 5.a3 Be7 6.Nxe4 Nf6 7.N2g3 O-O 8.Be2 
Nc6 9.c3 e5 10.Nxf6+ Bxf6 11.d5 Ne7 12.Bc4 Ng6 13.O-O Be7 14.Ne2 Bd6 15.f4
Qh4 16.Qe1 Qxe1 17.Rxe1 Nxf4 18.Nxf4 exf4 19.Bd2 Bd7 20.b4 b5 21.Bf1 Rfe8 
22.Rxe8+ Rxe8 23.Bd3 g5 24.Re1 Be5 0-1

[Event "23rd Reykjavik op"]
[Site "Reykjavik ISL"]
[Date "2008.03.07"]
[Round "5.45"]
[White "Magnusson, Bjarni"]
[Black "Vigfusson, Vigfus"]
[WhiteElo "1913"]
[BlackElo "2052"]
[Result "0-1"]
[EventDate "2008.03.03"]
[PlyCount "76"]

1.d4 Nf6 2.Nf3 e6 3.c4 d5 4.Nc3 Nbd7 5.Bg5 Be7 6.e3 O-O 7.Rc1 c6 8.cxd5 
exd5 9.Bd3 Re8 10.O-O Ne4 11.Bxe7 Qxe7 12.a3 Ndf6 13.h3 Bf5 14.b4 Rac8 15.
Qb3 Qe6 16.Bxe4 Nxe4 17.Nxe4 Qxe4 18.Nd2 Qe6 19.Nf3 Qh6 20.Nh2 Re6 21.Ng4 
Bxg4 22.hxg4 Qg5 23.Qd1 Rce8 24.Qf3 Rf6 25.Qg3 Rg6 26.b5 Qe7 27.bxc6 bxc6 
28.Rc5 f5 29.Rfc1 Qd7 30.Qf3 fxg4 31.Qe2 Ree6 32.Qa6 g3 33.fxg3 Qe8 34.Rf1
Rxe3 35.Qxa7 Re1 36.Rc3 Rf6 37.Rf3 Qe3+ 38.Rxe3 Rfxf1+ 0-1

[Event "23rd Reykjavik op"]
[Site "Reykjavik ISL"]
[Date "2008.03.08"]
[Round "6.29"]
[White "Johannesson, Ingvar Thor"]
[Black "Limontaite, Simona"]
[WhiteElo "2338"]
[BlackElo "2152"]
[Result "1/2-1/2"]
[EventDate "2008.03.03"]
[PlyCount "91"]

1.d4 d5 2.Nf3 e6 3.c4 Nf6 4.g3 dxc4 5.Bg2 Nc6 6.Qa4 Bb4+ 7.Bd2 Nd5 8.Bxb4 
Nxb4 9.a3 b5 10.Qxb5 Nc2+ 11.Kd2 Nxa1 12.Qxc6+ Bd7 13.Qxc4 c5 14.Qa2 Qa5+ 
15.Nc3 cxd4 16.Nxd4 Rd8 17.b4 Qb6 18.e3 Bc6 19.Bxc6+ Qxc6 20.Qxa1 e5 21.
Ne2 O-O 22.h4 Qf3 23.Rg1 Rfe8 24.Qc3 Qf6 25.Qd3 Rd6 26.Kc2 exd4 27.Nxd4 
Red8 28.Qe2 Qe5 29.Qc4 Qe4+ 30.Kb2 h6 31.Rd1 Qg4 32.Rc1 Qg6 33.Rc2 Qf6 34.
Rd2 Kh7 35.Kb3 R8d7 36.a4 Qd8 37.Rc2 h5 38.Rd2 g6 39.Rc2 Qe7 40.b5 Qf6 41.
Rd2 Kg7 42.Qc3 Kh7 43.Kb2 Qe7 44.Rc2 Qe4 45.Rd2 Qe7 46.Rc2 1/2-1/2

[Event "23rd Reykjavik op"]
[Site "Reykjavik ISL"]
[Date "2008.03.09"]
[Round "7.43"]
[White "Kristinardottir, Elsa Maria"]
[Black "Andersson, Christin"]
[WhiteElo "1721"]
[BlackElo "2194"]
[Result "0-1"]
[EventDate "2008.03.03"]
[PlyCount "66"]

1.e4 e6 2.d4 d5 3.exd5 exd5 4.Bd3 Bd6 5.Nf3 Bg4 6.O-O Ne7 7.Re1 Nc6 8.c3 
Qd7 9.Bg5 O-O-O 10.Nbd2 Rde8 11.Bxe7 Rxe7 12.Qc2 Bf4 13.h3 Be6 14.Re2 h5 
15.Nb3 g5 16.Nc5 Qd6 17.Bf5 g4 18.hxg4 hxg4 19.Nxe6 Bh2+ 20.Kf1 gxf3 21.
Ng5+ Kb8 22.Nxf3 Qf6 23.Rd1 Bd6 24.Rxe7 Nxe7 25.g4 Ng6 26.g5 Qe7 27.Bxg6 
fxg6 28.Rd2 Rh1+ 29.Kg2 Qh7 30.Ng1 Qh2+ 31.Kf3 Qxg1 32.Qxg6 Rh3+ 33.Ke2 
Qg4+ 0-1

[Event "23rd Reykjavik op"]
[Site "Reykjavik ISL"]
[Date "2008.03.10"]
[Round "8.3"]
[White "Lie, Kjetil"]
[Black "Malakhatko, Vadim"]
[WhiteElo "2556"]
[BlackElo "2600"]
[Result "1/2-1/2"]
[EventDate "2008.03.03"]
[PlyCount "192"]

1.e4 e6 2.d4 d5 3.Nc3 Nf6 4.Bg5 dxe4 5.Nxe4 Nbd7 6.Nf3 h6 7.Nxf6+ Nxf6 8.
Bxf6 Qxf6 9.Bb5+ c6 10.Bd3 Bd6 11.Qe2 O-O 12.O-O-O Rd8 13.Kb1 Bd7 14.Ne5 
Be8 15.Qe4 Kf8 16.f4 c5 17.Rhf1 cxd4 18.Rde1 Bc6 19.Qh7 Ke7 20.Ng4 Qh4 21.
Qxg7 Rg8 22.Rxe6+ Kxe6 23.Bc4+ Kd7 24.Nf6+ Kc7 25.Nxg8 Qxh2 26.Qxf7+ Kb6 
27.Qf6 Bc5 28.Ne7 Bxe7 29.Qxe7 Re8 30.Qd6 Qxg2 31.Qxd4+ Kc7 32.Rd1 Qe4 33.
Qd6+ Kb6 34.Qb4+ Kc7 35.Qd6+ Kb6 36.Bf7 Rc8 37.Qxh6 Rd8 38.Rc1 Rd4 39.Qh2 
Qxf4 40.Qg1 Qg4 41.Qe3 Qf4 42.Qg1 Qg4 43.Qe1 a5 44.a3 Qe4 45.Qc3 Rd7 46.
Bh5 Rh7 47.Re1 Qd5 48.Be8 Bxe8 49.Qe3+ Ka6 50.Qxe8 Rh1 51.a4 Rxe1+ 52.Qxe1
Ka7 53.Qe3+ b6 54.Qe7+ Kb8 55.Qe3 Kb7 56.Kc1 Ka7 57.b3 Kb7 58.Qd3 Qg2 59.
Qd4 Qe2 60.Qd7+ Kb8 61.Qb5 Qe1+ 62.Kb2 Qe3 63.b4 axb4 64.Qxb4 Ka7 65.Qc3 
Qe4 66.a5 bxa5 67.Qxa5+ Kb7 68.Kb3 Qh1 69.Qb5+ Kc7 70.Qc5+ Kb7 71.Qc3 Kb6 
72.Qd4+ Kc6 73.Qf6+ Kc7 74.Qe6 Qb1+ 75.Kc3 Qc1 76.Qc4+ Kb6 77.Qb3+ Kc5 78.
Qb4+ Kc6 79.Qe4+ Kc5 80.Qf5+ Kb6 81.Kc4 Qh6 82.Qc5+ Kb7 83.Kb5 Qa6+ 84.Kb4
Qg6 85.Qe7+ Kc6 86.Qe2 Qd6+ 87.Kb3 Qg3+ 88.c3 Qb8+ 89.Kc2 Qg8 90.Qa6+ Kc5 
91.Qa5+ Kc6 92.Qa4+ Kc7 93.Qa6 Qg4 94.Qb5 Qe4+ 95.Kb2 Qe1 96.Qd5 Kb6 
1/2-1/2

[Event "23rd Reykjavik op"]
[Site "Reykjavik ISL"]
[Date "2008.03.10"]
[Round "8.5"]
[White "Thorfinnsson, Bragi"]
[Black "Halkias, Stelios"]
[WhiteElo "2406"]
[BlackElo "2580"]
[Result "0-1"]
[EventDate "2008.03.03"]
[PlyCount "40"]

1.d4 Nf6 2.c4 e6 3.g3 d5 4.Nf3 Bb4+ 5.Bd2 Be7 6.Bg2 O-O 7.O-O c6 8.Qc2 
Nbd7 9.Bf4 Ne4 10.Nfd2 Nd6 11.Bxd6 Bxd6 12.e4 dxc4 13.Nxc4 Bc7 14.Rd1 Nb6 
15.Ne3 Qe7 16.Nc3 Rd8 17.Rac1 Bd7 18.Rd2 Rac8 19.Qd1 Bb8 20.d5 Be8 0-1

[Event "23rd Reykjavik op"]
[Site "Reykjavik ISL"]
[Date "2008.03.10"]
[Round "8.6"]
[White "Al-Modiahki, Mohamad"]
[Black "Kveinys, Aloyzas"]
[WhiteElo "2569"]
[BlackElo "2521"]
[Result "0-1"]
[EventDate "2008.03.03"]
[PlyCount "62"]

1.e4 c5 2.Nf3 e6 3.c4 Nc6 4.Nc3 Nf6 5.Be2 Qc7 6.O-O a6 7.d4 cxd4 8.Nxd4 
Bb4 9.Qd3 Qd6 10.Nxc6 Qxd3 11.Nxb4 Qd6 12.Nd3 e5 13.c5 Qe6 14.f4 d6 15.f5 
Qd7 16.Bg5 dxc5 17.Rfd1 Qc7 18.Bxf6 gxf6 19.Nd5 Qd6 20.b4 c4 21.Nf2 O-O 
22.Ng4 Kh8 23.Bxc4 b5 24.Bb3 Bb7 25.Ngxf6 Rae8 26.h3 Bxd5 27.Nxd5 Qh6 28.
a4 Rg8 29.Kh2 Qh4 30.Ne3 Qxe4 31.Ng4 h5 0-1

[Event "23rd Reykjavik op"]
[Site "Reykjavik ISL"]
[Date "2008.03.10"]
[Round "8.8"]
[White "Gaponenko, Inna"]
[Black "Carlsson, Pontus"]
[WhiteElo "2422"]
[BlackElo "2501"]
[Result "0-1"]
[EventDate "2008.03.03"]
[PlyCount "64"]

1.e4 e6 2.d4 d5 3.e5 c5 4.c3 Nc6 5.Nf3 Qb6 6.Be2 cxd4 7.cxd4 Nge7 8.Na3 
Nf5 9.Nc2 Bb4+ 10.Kf1 Be7 11.h4 h5 12.b4 Bd7 13.a3 Rc8 14.Bd2 f6 15.a4 O-O
16.exf6 Bxf6 17.a5 Qc7 18.Rc1 Qd6 19.Be1 Ncxd4 20.Ncxd4 Rxc1 21.Nxf5 Qf4 
22.g3 Qc7 23.Qd3 exf5 24.Qxd5+ Kh8 25.Kg2 Re8 26.Qd3 a6 27.Ng5 Bc6+ 28.f3 
Bb5 29.Qxf5 Rxe2+ 30.Bf2 Rxf2+ 31.Kxf2 Rc2+ 32.Ke3 Re2# 0-1

[Event "23rd Reykjavik op"]
[Site "Reykjavik ISL"]
[Date "2008.03.10"]
[Round "8.9"]
[White "Paehtz, Elisabeth"]
[Black "Stefanova, Antoaneta"]
[WhiteElo "2420"]
[BlackElo "2464"]
[Result "0-1"]
[EventDate "2008.03.03"]
[PlyCount "148"]

1.e4 e5 2.Nf3 Nc6 3.c3 d5 4.Qa4 f6 5.Bb5 Ne7 6.exd5 Qxd5 7.d4 Bg4 8.Bc4 
Qd7 9.dxe5 Nxe5 10.Qxd7+ Nxd7 11.Nd4 Ne5 12.Bb5+ c6 13.Be2 Bxe2 14.Kxe2 
Kf7 15.f4 Nc4 16.Re1 Nd5 17.Kd3 Ncb6 18.g3 Rd8 19.Kc2 Bc5 20.Nb3 Bf2 21.
Re2 Bg1 22.N1d2 Rhe8 23.Ne4 Be3 24.Bxe3 Rxe4 25.Rae1 Rde8 26.Kd3 Rxe3+ 27.
Rxe3 Rxe3+ 28.Rxe3 Nxe3 29.Kxe3 Nc4+ 30.Ke2 Nxb2 31.Na5 Ke6 32.Nxb7 Kd5 
33.Kd2 c5 34.Kc2 Nc4 35.Kd3 Nb6 36.Nd8 c4+ 37.Ke3 Na4 38.Kd2 Nc5 39.a3 a6 
40.Ke3 Na4 41.Kd2 Nc5 42.Ke3 g6 43.g4 a5 44.h4 a4 45.g5 f5 46.Nf7 Ne4 47.
Ne5 Nxc3 48.Nd7 Nd1+ 49.Ke2 Nb2 50.Nf6+ Kd4 51.Nxh7 Nd3 52.Nf8 Nxf4+ 53.
Kd2 c3+ 54.Kc2 Nd5 55.Nxg6 f4 56.h5 f3 57.Nh4 Ne3+ 58.Kc1 f2 59.Nf3+ Kd3 
60.Nh2 Nc4 61.h6 Na5 62.h7 Nb3+ 63.Kb1 c2+ 64.Ka2 c1=Q 65.h8=Q Qc2+ 66.Qb2
Nd2 67.Ka1 Qc6 68.Nf1 Nxf1 69.Qxf2 Qc1+ 70.Ka2 Qc4+ 71.Ka1 Ne3 72.g6 Nc2+ 
73.Kb2 Qb3+ 74.Kc1 Qxa3+ 0-1

[Event "23rd Reykjavik op"]
[Site "Reykjavik ISL"]
[Date "2008.03.10"]
[Round "8.11"]
[White "Miezis, Normunds"]
[Black "Thorfinnsson, Bjorn"]
[WhiteElo "2553"]
[BlackElo "2364"]
[Result "0-1"]
[EventDate "2008.03.03"]
[PlyCount "132"]

1.c4 c5 2.Nc3 Nc6 3.g3 g6 4.Bg2 Bg7 5.d3 d6 6.a3 Bd7 7.e3 a6 8.Nge2 Rb8 9.
a4 Nf6 10.O-O Qc8 11.Nf4 O-O 12.Rb1 Re8 13.b3 Nb4 14.Ba3 Bc6 15.d4 Bxg2 
16.Kxg2 Qc6+ 17.d5 Qd7 18.Qd2 Qf5 19.Bxb4 cxb4 20.Nce2 a5 21.f3 g5 22.Nd4 
Qc8 23.Nh3 h6 24.Nf2 Qd7 25.e4 e6 26.Qd3 Qe7 27.Rbe1 Nd7 28.Nb5 Nc5 29.Qd1
Rbd8 30.Rh1 Qf6 31.Re2 exd5 32.cxd5 Qg6 33.Qb1 Be5 34.Ng4 h5 35.Ne3 g4 36.
f4 Bxf4 37.gxf4 Rxe4 38.Rhe1 Rde8 39.Qc2 h4 40.Nc4 Nd3 41.Qxd3 Rxe2+ 42.
Qxe2 Rxe2+ 43.Rxe2 Qd3 44.Kf1 g3 45.hxg3 h3 46.Kf2 Qxe2+ 47.Kxe2 h2 48.
Nbxd6 h1=Q 49.Ne3 Qb1 50.Nxb7 Qxb3 51.Nxa5 Qxa4 52.Nac4 Qa2+ 53.Kd3 b3 54.
Ke4 b2 55.Nxb2 Qxb2 56.g4 Qb4+ 57.Ke5 Qe7+ 58.Kd4 Kf8 59.g5 Qb4+ 60.Ke5 
Ke7 61.Nf5+ Kd7 62.Nh6 Qe7+ 63.Kd4 f6 64.Nf5 Qb4+ 65.Ke3 Qc3+ 66.Kf2 Qc2+ 
0-1

[Event "23rd Reykjavik op"]
[Site "Reykjavik ISL"]
[Date "2008.03.10"]
[Round "8.12"]
[White "Nataf, Igor-Alexandre"]
[Black "Popovic, Milos"]
[WhiteElo "2552"]
[BlackElo "2405"]
[Result "1/2-1/2"]
[EventDate "2008.03.03"]
[PlyCount "130"]

1.e4 c5 2.Nf3 e6 3.d4 cxd4 4.Nxd4 a6 5.Be2 b5 6.a4 b4 7.O-O Bb7 8.Bf3 Nc6 
9.Nxc6 Bxc6 10.Re1 Qc7 11.c3 Nf6 12.e5 Nd5 13.c4 Ne7 14.Nd2 Ng6 15.Bxc6 
dxc6 16.Qe2 Be7 17.Nb3 O-O 18.c5 Rfd8 19.f4 Rd5 20.Be3 Bf8 21.Rad1 Ne7 22.
Rxd5 Nxd5 23.Qc4 a5 24.Bf2 g6 25.Bh4 Qd7 26.Qd4 Qa7 27.Kf2 Rb8 28.Qc4 Rb7 
29.g3 Rd7 30.Ke2 Nc7 31.g4 Rd5 32.Rd1 Na6 33.Bf2 Nc7 34.h4 Qa8 35.Rd3 Qd8 
36.g5 Rxd3 37.Qxd3 Nd5 38.Be3 Qa8 39.Kd2 Qa7 40.Kc2 h5 41.Kd2 Be7 42.Ke2 
Kf8 43.Kf3 Nxe3 44.Qxe3 Qa6 45.Qd2 Qa7 46.Qd3 Ke8 47.Qd4 Bd8 48.Nd2 Qd7 
49.Qxd7+ Kxd7 50.Nc4 Bc7 51.Ke4 Bd8 52.Kd4 Bc7 53.Nd6 Ke7 54.Kc4 Bd8 55.
Kb3 Bc7 56.Ne4 Kd7 57.Nf2 Bd8 58.Nd3 Bc7 59.Kc4 Bd8 60.b3 Bc7 61.Kd4 Bd8 
62.Nf2 Bc7 63.Ne4 Bd8 64.Nd6 Ke7 65.Nc4 Kd7 1/2-1/2

[Event "23rd Reykjavik op"]
[Site "Reykjavik ISL"]
[Date "2008.03.10"]
[Round "8.13"]
[White "Gunnarsson, Jon Viktor"]
[Black "Adly, Ahmed"]
[WhiteElo "2429"]
[BlackElo "2551"]
[Result "1/2-1/2"]
[EventDate "2008.03.03"]
[PlyCount "92"]

1.e4 c5 2.Nf3 d6 3.d4 Nf6 4.Nc3 cxd4 5.Nxd4 a6 6.Be2 e5 7.Nb3 Be7 8.Be3 
O-O 9.g4 Be6 10.g5 Nfd7 11.h4 Nb6 12.Qd2 N8d7 13.O-O-O a5 14.a4 Qc7 15.Kb1
Rfc8 16.h5 Nc4 17.Bxc4 Qxc4 18.Qd3 f5 19.Qxc4 Rxc4 20.exf5 Bxf5 21.Nd2 
Rxc3 22.bxc3 Rc8 23.Kb2 d5 24.Nb3 d4 25.Bxd4 exd4 26.Nxd4 Be4 27.f3 Nc5 
28.fxe4 Nxa4+ 29.Kb3 Nxc3 30.Rde1 a4+ 31.Kb2 Bxg5 32.e5 Bd2 33.e6 Nd5 34.
Nf5 Bxe1 35.Rxe1 Kf8 36.e7+ Nxe7 37.Rxe7 Rc5 38.Rxg7 Rxf5 39.Rxh7 b5 40.h6
Kg8 41.Rb7 Kh8 42.Ka3 Rc5 43.Kb4 Rxc2 44.Rxb5 Rb2+ 45.Kxa4 Rxb5 46.Kxb5 
Kh7 1/2-1/2

[Event "23rd Reykjavik op"]
[Site "Reykjavik ISL"]
[Date "2008.03.10"]
[Round "8.15"]
[White "Galego, Luis"]
[Black "Lagerman, Robert"]
[WhiteElo "2529"]
[BlackElo "2348"]
[Result "1/2-1/2"]
[EventDate "2008.03.03"]
[PlyCount "25"]

1.e4 e5 2.Nf3 Nc6 3.Bb5 a6 4.Bxc6 dxc6 5.O-O Bg4 6.h3 h5 7.d3 Qf6 8.Be3 
Bxf3 9.Qxf3 Qxf3 10.gxf3 Bd6 11.Nd2 Ne7 12.Rfd1 f6 13.c3 1/2-1/2

[Event "23rd Reykjavik op"]
[Site "Reykjavik ISL"]
[Date "2008.03.10"]
[Round "8.16"]
[White "Lie, Espen"]
[Black "Bojkov, Dejan"]
[WhiteElo "2428"]
[BlackElo "2523"]
[Result "1/2-1/2"]
[EventDate "2008.03.03"]
[PlyCount "114"]

1.e4 e5 2.Nf3 Nc6 3.Bb5 a6 4.Ba4 Nf6 5.O-O Be7 6.d3 b5 7.Bb3 d6 8.a4 b4 9.
Nbd2 Na5 10.Ba2 c5 11.c3 bxc3 12.bxc3 O-O 13.Re1 h6 14.d4 Qc7 15.dxe5 dxe5
16.Nc4 Nxc4 17.Bxc4 Bb7 18.Qc2 Ne8 19.Bd5 Bxd5 20.exd5 Bf6 21.Nd2 Nd6 22.
Ne4 Nxe4 23.Qxe4 Qa5 24.Qc4 Rfd8 25.Ba3 Rd7 26.Rad1 Rad8 27.Rd3 Qb6 28.h3 
Be7 29.Bc1 Bd6 30.Qg4 Qb1 31.Red1 Qc2 32.Bxh6 f5 33.Qg6 e4 34.R3d2 Qxc3 
35.Qe6+ Rf7 36.Bg5 Rd7 37.Qe8+ Kh7 38.Qa8 f4 39.Qe8 Qe5 40.Qxe5 Bxe5 41.
Re2 Bd4 42.Rde1 Rxd5 43.h4 e3 44.fxe3 Bxe3+ 45.Kh1 Rd2 46.Rxd2 Bxd2 47.Re4
Kg6 48.Rc4 Rf5 49.g4 Rxg5 50.hxg5 Kxg5 51.Rxc5+ Kxg4 52.Rc6 a5 53.Rg6+ Kf3
54.Rxg7 Ke2 55.Rg2+ Ke3 56.Kg1 f3 57.Rh2 Be1 1/2-1/2

[Event "23rd Reykjavik op"]
[Site "Reykjavik ISL"]
[Date "2008.03.10"]
[Round "8.17"]
[White "Bjornsson, Sigurbjorn"]
[Black "Danielsen, Henrik"]
[WhiteElo "2286"]
[BlackElo "2506"]
[Result "0-1"]
[EventDate "2008.03.03"]
[PlyCount "56"]

1.e4 e6 2.d4 d5 3.Nc3 Nf6 4.Bg5 dxe4 5.Nxe4 Be7 6.Bxf6 gxf6 7.Nf3 b6 8.Bc4
Bb7 9.Qe2 c6 10.O-O Qc7 11.Ng3 Nd7 12.Nf5 exf5 13.Rfe1 Nf8 14.Nh4 Ng6 15.
Nxf5 Rd8 16.Qh5 Rd7 17.Ng7+ Kd8 18.Bxf7 Nf4 19.Qf5 Rf8 20.Be6 Bd6 21.Bxd7 
Qxd7 22.Qxh7 Kc7 23.Re8 Rf7 24.Rg8 Bf8 25.Qf5 Ne2+ 26.Kf1 Ba6 27.Qxd7+ 
Kxd7 28.Nh5 Ng3+ 0-1

[Event "23rd Reykjavik op"]
[Site "Reykjavik ISL"]
[Date "2008.03.10"]
[Round "8.18"]
[White "Malisauskas, Vidmantas"]
[Black "Grover, Sahaj"]
[WhiteElo "2489"]
[BlackElo "2242"]
[Result "0-1"]
[EventDate "2008.03.03"]
[PlyCount "68"]

1.e4 e5 2.Nf3 Nc6 3.Bb5 a6 4.Bxc6 dxc6 5.O-O Bg4 6.h3 h5 7.d3 Qf6 8.Nbd2 
Ne7 9.Re1 Ng6 10.d4 Nf4 11.hxg4 hxg4 12.Nf1 gxf3 13.Bxf4 Qxf4 14.Qxf3 Qxf3
15.gxf3 exd4 16.f4 Rh4 17.f5 Bb4 18.Re2 f6 19.Kg2 O-O-O 20.Ng3 c5 21.a3 
Ba5 22.e5 c4 23.exf6 gxf6 24.Re7 Bd2 25.Ne4 Bh6 26.Nxf6 Rf4 27.Ne8 Rxf5 
28.Rxc7+ Kb8 29.Re7 d3 30.cxd3 cxd3 31.Re6 Bf4 32.Rd1 d2 33.Kf3 Rf8 34.Rf6
Rfxe8 0-1

[Event "23rd Reykjavik op"]
[Site "Reykjavik ISL"]
[Date "2008.03.10"]
[Round "8.19"]
[White "Nyzhnyk, Illya"]
[Black "Kristjansson, Stefan"]
[WhiteElo "2405"]
[BlackElo "2476"]
[Result "1/2-1/2"]
[EventDate "2008.03.03"]
[PlyCount "58"]

1.e4 c5 2.Nf3 e6 3.c4 Nc6 4.Nc3 Nd4 5.d3 Ne7 6.Be2 Nec6 7.O-O Be7 8.Be3 
O-O 9.Nb5 Nxf3+ 10.Bxf3 d6 11.Qd2 Bf6 12.a3 a6 13.Nc3 Nd4 14.Bd1 b6 15.b4 
Bb7 16.Rb1 Rb8 17.f4 g6 18.Ne2 Bg7 19.Nxd4 cxd4 20.Bf2 f5 21.Bb3 fxe4 22.
dxe4 Bxe4 23.Rbe1 d5 24.Bxd4 dxc4 25.Rxe4 cxb3 26.Qb2 Bxd4+ 27.Rxd4 Qf6 
28.Rd2 Qxb2 29.Rxb2 e5 1/2-1/2

[Event "23rd Reykjavik op"]
[Site "Reykjavik ISL"]
[Date "2008.03.10"]
[Round "8.21"]
[White "Moradiabadi, Elshan"]
[Black "Johannesson, Ingvar Thor"]
[WhiteElo "2506"]
[BlackElo "2338"]
[Result "1-0"]
[EventDate "2008.03.03"]
[PlyCount "45"]

1.e4 e6 2.d3 d5 3.Nd2 Nf6 4.Ngf3 Nc6 5.c3 a5 6.e5 Nd7 7.d4 f6 8.Bb5 Be7 9.
exf6 Bxf6 10.O-O O-O 11.Re1 Re8 12.Qb3 Qe7 13.Nf1 Na7 14.Bd3 c5 15.Qc2 Nf8
16.Ne3 Qd6 17.dxc5 Qxc5 18.Ng4 Be7 19.Be3 Qc7 20.Bd4 Nc6 21.Bxh7+ Nxh7 22.
Qg6 Qg3 23.Qxg7# 1-0

[Event "23rd Reykjavik op"]
[Site "Reykjavik ISL"]
[Date "2008.03.10"]
[Round "8.22"]
[White "Simutowe, Amon"]
[Black "Bjarnason, Saevar"]
[WhiteElo "2457"]
[BlackElo "2226"]
[Result "1-0"]
[EventDate "2008.03.03"]
[PlyCount "117"]

1.c4 Nf6 2.Nc3 g6 3.e4 d6 4.d4 Bg7 5.Be2 O-O 6.Bg5 h6 7.Be3 c5 8.d5 e6 9.
Qd2 exd5 10.cxd5 Re8 11.f3 a6 12.a4 h5 13.Nh3 Bxh3 14.gxh3 Nbd7 15.a5 Rb8 
16.O-O Qc7 17.Kh1 Kh7 18.Rg1 Ng8 19.Rg2 Ndf6 20.Na4 Nd7 21.Rag1 Ngf6 22.
Rc1 Qd8 23.Bf4 b5 24.axb6 Nxb6 25.Nc3 c4 26.Ra1 Ra8 27.Na4 Nxa4 28.Rxa4 
Nd7 29.Rxc4 Ne5 30.Rc2 Qd7 31.h4 Rec8 32.Rxc8 Qxc8 33.Qb4 Qc7 34.Rg1 Rb8 
35.Qa3 Qc2 36.Bd1 Qxb2 37.Qxa6 Rb6 38.Qe2 Qxe2 39.Bxe2 Rb2 40.Re1 Nd7 41.
Bf1 Ne5 42.Be2 Rc2 43.Kg1 Bf6 44.Bg3 Bd8 45.Kf1 Ba5 46.Rb1 Bc3 47.f4 Nd7 
48.Rb7 Nc5 49.Rxf7+ Kg8 50.Rc7 Nxe4 51.Bd3 Rc1+ 52.Ke2 Nf6 53.Bxg6 Bb2 54.
Rb7 Ba3 55.f5 Bc5 56.Bf4 Rc2+ 57.Kd3 Rf2 58.Bh6 Rxh2 59.Rb8+ 1-0

[Event "23rd Reykjavik op"]
[Site "Reykjavik ISL"]
[Date "2008.03.10"]
[Round "8.25"]
[White "Perunovic, Miodrag"]
[Black "Gretarsson, Hjorvar Steinn"]
[WhiteElo "2440"]
[BlackElo "2247"]
[Result "1-0"]
[EventDate "2008.03.03"]
[PlyCount "95"]

1.d4 Nf6 2.Nf3 e6 3.e3 b6 4.Bd3 c5 5.O-O Bb7 6.c4 Be7 7.Nc3 cxd4 8.exd4 d6
9.Re1 Nbd7 10.Ng5 g6 11.Qc2 O-O 12.b3 a6 13.Bb2 Rc8 14.Qe2 Re8 15.Rad1 Bf8
16.Bb1 Qc7 17.Qe3 Bg7 18.Qh3 h6 19.Nf3 g5 20.Nd2 d5 21.Qd3 Nf8 22.cxd5 
exd5 23.Nf3 Ne4 24.Rc1 Qd6 25.Ne5 f6 26.Ng4 Qf4 27.f3 Nxc3 28.Bxc3 Rcd8 
29.Bd2 Qd6 30.Ne3 Bc8 31.Nf5 Bxf5 32.Qxf5 Ne6 33.Qd3 a5 34.Qb5 Qb8 35.b4 
axb4 36.Bg6 Re7 37.Qxb4 Qb7 38.Bf5 Rde8 39.Bg6 Rd8 40.Bc2 Bf8 41.Kh1 Qa6 
42.Qb2 Ng7 43.Bb1 Re2 44.Rxe2 Ba3 45.Qc2 Qxe2 46.Re1 Qf2 47.Qh7+ Kf8 48.
Bg6 1-0

[Event "23rd Reykjavik op"]
[Site "Reykjavik ISL"]
[Date "2008.03.10"]
[Round "8.26"]
[White "Grandelius, Nils"]
[Black "Thorgeirsson, Sverrir"]
[WhiteElo "2371"]
[BlackElo "2120"]
[Result "1-0"]
[EventDate "2008.03.03"]
[PlyCount "51"]

1.d4 c5 2.d5 f5 3.Nc3 d6 4.e4 Nf6 5.Bb5+ Bd7 6.exf5 Bxb5 7.Nxb5 Qd7 8.c4 
a6 9.Nc3 Qxf5 10.Nge2 Nbd7 11.O-O g5 12.f4 g4 13.Ng3 Qg6 14.f5 Qf7 15.Nce4
h6 16.Qe2 O-O-O 17.Nxf6 Nxf6 18.Qe6+ Qxe6 19.fxe6 Ne8 20.Rf7 Nf6 21.Nf5 
Re8 22.Bf4 Nh5 23.Bd2 Nf6 24.Bc3 Rg8 25.Bxf6 exf6 26.e7 1-0

[Event "23rd Reykjavik op"]
[Site "Reykjavik ISL"]
[Date "2008.03.10"]
[Round "8.27"]
[White "Westerinen, Heikki"]
[Black "Ragnarsson, Johann"]
[WhiteElo "2362"]
[BlackElo "2085"]
[Result "1-0"]
[EventDate "2008.03.03"]
[PlyCount "118"]

1.e4 c6 2.d4 d5 3.Nc3 dxe4 4.Nxe4 Bf5 5.Ng3 Bg6 6.h4 h6 7.Nf3 Nd7 8.h5 Bh7
9.Bd3 Bxd3 10.Qxd3 e6 11.Bd2 Qc7 12.O-O-O Ngf6 13.Ne4 O-O-O 14.g3 Nxe4 15.
Qxe4 Nf6 16.Qe2 Bd6 17.c4 c5 18.Bc3 cxd4 19.Nxd4 a6 20.Nb3 Qc6 21.Rh4 Bc7 
22.Nd4 Qa4 23.b3 Qa3+ 24.Kb1 Rd7 25.Rhh1 Rhd8 26.f4 Bb6 27.Nc2 Rxd1+ 28.
Rxd1 Rxd1+ 29.Qxd1 Qc5 30.g4 Qf2 31.Qd6 Qc5 32.Qxc5+ Bxc5 33.Bxf6 gxf6 34.
Ne1 e5 35.Kc2 e4 36.Ng2 Kd7 37.Kd2 f5 38.gxf5 Ke7 39.b4 Bxb4+ 40.Ke3 b5 
41.cxb5 axb5 42.Kxe4 Bc5 43.Ne1 Kf6 44.Nd3 Ba3 45.Ne5 Bc1 46.Ng4+ Kg7 47.
Kd4 b4 48.Kc4 Bd2 49.f6+ Kh7 50.f5 Kg8 51.Ne5 Kf8 52.Nc6 Ke8 53.Nxb4 Kd7 
54.Kc5 Be3+ 55.Kd5 Bd2 56.Nd3 Bg5 57.Ne5+ Ke8 58.a4 Bxf6 59.a5 Bd8 1-0

[Event "23rd Reykjavik op"]
[Site "Reykjavik ISL"]
[Date "2008.03.10"]
[Round "8.29"]
[White "Edvardsson, Kristjan"]
[Black "Zozulia, Anna"]
[WhiteElo "2261"]
[BlackElo "2344"]
[Result "1-0"]
[EventDate "2008.03.03"]
[PlyCount "115"]

1.Nf3 g6 2.d4 Bg7 3.c4 d6 4.Nc3 Nf6 5.e4 O-O 6.Be2 Na6 7.Bg5 h6 8.Bh4 c6 
9.h3 e5 10.d5 cxd5 11.cxd5 g5 12.Bg3 Nh5 13.h4 Nxg3 14.fxg3 g4 15.Nd2 h5 
16.O-O Nc7 17.Bd3 b5 18.Qe2 b4 19.Nd1 Na6 20.Nc4 Nc7 21.Nce3 Rb8 22.Nf5 
Nb5 23.Nde3 Qb6 24.Ne7+ Kh7 25.Bxb5 Bh6 26.Rae1 Qxe3+ 27.Qxe3 Bxe3+ 28.
Rxe3 Rxb5 29.Rc1 Rc5 30.Ree1 Re8 31.Nc6 Bd7 32.Rxc5 dxc5 33.Rc1 Bxc6 34.
dxc6 Rc8 35.Rxc5 Kg6 36.Kf2 Kf6 37.Ke2 Ke6 38.Kd3 Kd6 39.Kc4 a5 40.Rd5+ 
Kxc6 41.Rc5+ Kd7 42.Rxc8 Kxc8 43.Kd5 Kd7 44.Kxe5 a4 45.Kd5 b3 46.axb3 axb3
47.Kc4 Ke6 48.Kxb3 Ke5 49.Kc4 Kxe4 50.b4 Ke3 51.b5 Kf2 52.b6 Kxg2 53.b7 
Kxg3 54.b8=Q+ Kxh4 55.Qf4 Kh3 56.Kd3 h4 57.Ke2 f6 58.Kf2 1-0

[Event "23rd Reykjavik op"]
[Site "Reykjavik ISL"]
[Date "2008.03.10"]
[Round "8.31"]
[White "Bergsson, Snorri"]
[Black "Halldorsson, Jon Arni"]
[WhiteElo "2333"]
[BlackElo "2174"]
[Result "1-0"]
[EventDate "2008.03.03"]
[PlyCount "75"]

1.e4 e6 2.d4 d5 3.Nc3 Nf6 4.Bg5 dxe4 5.Nxe4 Be7 6.Bxf6 Bxf6 7.Nf3 Nd7 8.
Bd3 b6 9.Qe2 Bb7 10.O-O-O Qe7 11.g4 g6 12.h4 h5 13.g5 Bg7 14.Ba6 O-O-O 15.
Rhe1 Nb8 16.Bxb7+ Kxb7 17.Qc4 Qd7 18.Re3 Qd5 19.Qa4 Qc6 20.Qb3 a6 21.c3 
Qd5 22.Nc5+ Ka7 23.Nd3 Qxb3 24.axb3 Nc6 25.Nfe5 Bxe5 26.Nxe5 Nxe5 27.Rxe5 
c6 28.Rd3 Rd7 29.b4 Rc8 30.Kd2 Kb7 31.Ke3 Ra8 32.Ke4 Kc8 33.Rf3 Kd8 34.
Rxe6 Re7 35.Rxe7 Kxe7 36.Rf6 Rc8 37.Ke5 a5 38.b5 1-0